000 01228nam a22003257a 4500
003 CHAP
005 20220329134503.0
008 971013s1979 r 00010 d
010 _a21088
011 _a22060
035 _a26152
040 _cCHAP
090 _aTesis
100 0 0 _aArzave Suárez, José Alberto.
_97819
245 _aEpidemiología de nemátodos gastroentéricos, pulmonares, Fasciola hepática y coccidias en ovinos del Centro de Investigación, Enseñanza y Extensión en Ganadería Tropical de Martínez de la Torre, Veracruz
260 _aMéxico, D.F. :
_bEl autor,
_c1979
300 _a39 h.
_b; gráfs
502 _aTesis (Médico Veterinario Zootecnista) -- UNAM. Fac. de Medicina Veterinaria y Zootecnia
590 _aALEPH
_b10
_c20130110
_lUCH01
_h1245
590 _aBATCH-UPD
_b10
_c20130110
_lUCH01
_h1659
590 _aBATCH-UPD
_b10
_c20130410
_lUCH01
_h1047
590 _aBATCH-UPD
_b10
_c20130914
_lUCH01
_h1514
590 _aCONVERSION
_b10
_c20130109
_lUCH01
_h1313
650 1 4 _aFasciola hepatica.
_939814
650 1 4 _aGanado lanar
_xParásitos.
_945208
650 1 4 _aNemátodos parásitos de ovinos.
_980834
901 _aBK
942 _cTESIS
949 _bBC
_cTES
_d-60371
_eTS1
_i26152
_si
999 _c21088
_d21088